| 000 -LEADER |
| fixed length control field |
00695nam a2200193 a 4500 |
| 001 - CONTROL NUMBER |
| control field |
:::00021181$&:&@@ |
| 003 - CONTROL NUMBER IDENTIFIER |
| control field |
OkBaRHE |
| 005 - DATE AND TIME OF LATEST TRANSACTION |
| control field |
20071105135252.0 |
| 008 - FIXED-LENGTH DATA ELEMENTS--GENERAL INFORMATION |
| fixed length control field |
s1999 j 000 0 eng u |
| 020 ## - INTERNATIONAL STANDARD BOOK NUMBER |
| International Standard Book Number |
0882434012 |
| 040 ## - CATALOGING SOURCE |
| Transcribing agency |
|
| 245 10 - TITLE STATEMENT |
| Title |
Real life edge; facing my world |
| Statement of responsibility, etc |
Editor in Chief Michael H. Clarensau Youth Editor Tammy L bicket |
| 260 ## - PUBLICATION, DISTRIBUTION, ETC. (IMPRINT) |
| Place of publication, distribution, etc |
Springfield,MO |
| Name of publisher, distributor, etc |
Gospel Publishing House |
| Date of publication, distribution, etc |
1999 |
| 300 ## - PHYSICAL DESCRIPTION |
| Extent |
80p |
| 490 0# - SERIES STATEMENT |
| Series statement |
Real Life Youth Series |
| 650 ## - SUBJECT ADDED ENTRY--TOPICAL TERM |
| Topical term or geographic name as entry element |
Culture and society issues, ,Family, Evangelism on local level:school and community |
| 942 ## - ADDED ENTRY ELEMENTS (KOHA) |
| Source of classification or shelving scheme |
|
| Koha item type |
Books |